An introduction to clinical immunology and serology / (Record no. 5018)

MARC details
000 -LEADER
fixed length control field 00745cam a2200229 a 4500
050 00 - CALL NUMBER
Classification number QR181
Item number .W65
100 1# - AUTHOR
Personal name Widmann, Frances K.,
110 ## - AUTHOR
CORPORATE AUTHOR Itatani, Carol Ann
245 13 - TITLE
Title An introduction to clinical immunology and serology /
Statement of responsibility, etc Frances K. Widmann, Carol Ann Itatani.
250 ## - EDITION
Edition statement 2nd ed.
260 ## - PUBLICATION INFORMATION
Place of publication Philadelphia :
Name of publisher F.A. Davis,
Year of publication c1998.
300 ## - DESCRIPTION
Number of Pages xiv, 473 p. :
Other physical details ill. ;
Dimensions 26 cm.
500 ## - NOTES
General note Rev. ed. of: An introduction to clinical immunology / Frances K. Widmann. c1989.
650 #0 - SUBJECTS
Topical Term Immunology.
General subdivision Serology
650 #0 - SUBJECTS
Topical Term Immunopathology.
650 12 - SUBJECTS
Topical Term Immune System.
650 22 - SUBJECTS
Topical Term Immunity.
650 22 - SUBJECTS
Topical Term Serologic Tests
General subdivision methods.
700 1# - OTHER AUTHORS
Personal name Widmann, Frances K.,
700 1# - OTHER AUTHORS
Personal name Itatani, Carol Ann.
942 ## - ADDED ENTRY ELEMENTS (KOHA)
Koha item type Books
Holdings
Withdrawn status Lost status Home library Current library Shelving location Date acquired Full call number Accession Number Koha item type
    Methodist University Library Wenchi Nursing Methodist University Library Wenchi Nursing General Stacks 10/04/2019 QR181 .W65 4182 Books
Copyright © 2026  MUG Library